000 01099nas a2200241 i 4500
005 20260419075113.0
008 260419d su tr|j| |||| 00| 0 ara d
040 _aEG-GICUC
_cEG-GICUC
_dEG-GICUC
_erda
082 0 4 _a343،0531
_221
245 0 2 _aالمجلة العربية للدراسات الأمنية.
_nالمجلد العشرون - العدد التاسع والثلاثون.
264 0 1 _aالرياض :
_bجامعة نايف العربية للعلوم الأمنية،
_c2005 -
300 _aمجلد ؛
_c26 سم.
336 _2rda content
_aText
337 _2rda media
_aunmediated
338 _2rda carrier
_avolume
362 0 _a.
500 _aتعني بنشر البحوث في العلوم الجنائية والاجتماعية والنفسية والإستراتيجية والإدارية والتشريعية ذات العلاقة بالأمن بمفهومه الشامل.
500 _aفبراير 2005.
650 _aالقانون الجنائي
_vدوريات
856 _uhttps://fll.law.cu.edu.eg/fulltext/cr/S10-00544.pdf
905 _a9
942 _2ddc
_cCR
_n0
999 _c71720
_d71720